| 000 | 00789nam a22002057a 4500 | ||
|---|---|---|---|
| 999 |
_c17757 _d17757 |
||
| 003 | AR-CdUCM | ||
| 008 | 190509b ||||| |||| 00| 0 spa d | ||
| 040 |
_aMUNICIPALIDAD PROVINCIAL DEL CUSCO _cBIBLIOTECA MUNICIPAL DEL CUSCO |
||
| 082 |
_a869.2501 / _bG43 |
||
| 100 |
_aGhiano, Juan Carlos _914449 |
||
| 245 | _aPoesía argentina del Siglo XX / | ||
| 260 |
_aBuenos Aires : _bFondo de cultura económica, _c1957. |
||
| 300 |
_a285 páginas ; _c23 cm. |
||
| 505 | _aContenido: Modernismo y posmodernismo -- Imaginismo y formas de contención -- Neorromanticismo, renovaciones superrealistas y otras modalidades... | ||
| 650 |
_aLiteratura argentina _984 |
||
| 650 |
_aPoesía argentina _91657 |
||
| 650 |
_aPoetas argentinas _91658 |
||
| 942 |
_2ddc _cLIBROS |
||
| 945 |
_adavv _d2019-05-09 |
||